000 00693nam a2200289Ia 4500
005 20260324135248.0
008 008 260324s9999 xx 000 0 eng d
020 _a9780203223017
037 _aEBOOK
040 _aCRL
040 _beng
040 _cCRL
041 _2eng
041 _aeng
084 _qCRL
100 _aNick Baker; Koen Steemers
_91195128
245 0 _aEnergy and Environment in Architecture
245 2 _bA Technical Design Guide
260 _bTaylor and Francis
260 _c2000
365 _a
365 _b280
856 _uhttp://www.taylorfrancis.com/books/9780203223017
942 _cEBOOK
999 _c1800827
_d1800827